00397nam a2200145Ia 4500008004100000100001900041245003400060245001900094260005900113260000900172300001100181650001800192650001500210856002600225170221s9999 xx 000 0 und d aS. Arulchelvan 2aA Study on Public Awareness  cS. Arulchelvan bOnline Journal of Communication and Media Technologies c2013 a33 : 4 xCommunication xMedia Arts uhttp://www.ojcmt.net/